书目信息 |
| 题名: |
操作系统原理实用教程
|
|
| 作者: | 任满杰 , 刘树刚 , 李军红 编著 | |
| 分册: | ||
| 出版信息: | 北京 电子工业出版社 2006.01 |
|
| 页数: | 257页 | |
| 开本: | 26cm | |
| 丛书名: | ||
| 单 册: | ||
| 中图分类: | TP316 | |
| 科图分类: | ||
| 主题词: | 操作系统--cao zuo xi tong--高等学校--教材 | |
| 电子资源: | ||
| ISBN: | 7-121-02265-6 | |
| 000 | 01014nam0 2200289 450 | |
| 001 | 012006060983 | |
| 005 | 20061205160843.90 | |
| 010 | @a7-121-02265-6@dCNY21.60 | |
| 100 | @a20061106d2006 km y0chiy0120 ea | |
| 101 | 0 | @achi |
| 102 | @aCN@b110000 | |
| 105 | @aa a 000yy | |
| 200 | 1 | @a操作系统原理实用教程@Acao zuo xi tong yuan li shi yong jiao cheng@f任满杰 … [等] 编著@Fren man jie…[deng]bian zhu |
| 210 | @a北京@c电子工业出版社@d2006.01 | |
| 215 | @a257页@c图@d26cm | |
| 300 | @a新编计算机类本科规划教材 | |
| 300 | @a信息与电子学科百本精品教材工程 | |
| 304 | @a编著者还有:刘树刚、李军红、柯敏毅 | |
| 320 | @a有书目 (第257页) | |
| 330 | @a本书详细地介绍了计算机操作系统的基本概念、基本原理和典型实现技术,理论学习和实践应用相结合。 | |
| 606 | 0 | @a操作系统@Acao zuo xi tong@x高等学校@j教材 |
| 690 | @aTP316@v4 | |
| 701 | 0 | @a任满杰@Aren man jie@4编著 |
| 701 | 0 | @a刘树刚@Aliu shu gang@4编著 |
| 701 | 0 | @a李军红@Ali jun hong@4编著 |
| 801 | 0 | @aCN@c20061205 |
| 905 | @a10447@dTP316@eR512 | |
| 操作系统原理实用教程/任满杰 … [等] 编著.-北京:电子工业出版社,2006.01 |
| 257页:图;26cm |
| 新编计算机类本科规划教材.-信息与电子学科百本精品教材工程 |
| ISBN 7-121-02265-6:CNY21.60 |
| 本书详细地介绍了计算机操作系统的基本概念、基本原理和典型实现技术,理论学习和实践应用相结合。 |
| ● |
| 相关链接 |
|
|
|
正题名:操作系统原理实用教程
索取号:TP316/R512
 
预约/预借
| 序号 | 登录号 | 条形码 | 馆藏地/架位号 | 状态 | 备注 |
| 1 | 226630 | 202266305 | 自科库301/301自科库 57排4列5层/ [索取号:TP316/R512] | 在馆 | |
| 2 | 226631 | 202266314 | 自科库301/301自科库 57排4列5层/ [索取号:TP316/R512] | 在馆 | |
| 3 | 226632 | 202266323 | 自科库301/301自科库 57排4列5层/ [索取号:TP316/R512] | 在馆 |